Argentina: una década de convertibilidad, un análisis del crecimiento, el empleo y la distribución del ingreso
Salvato in:
| Autori principali: | , , |
|---|---|
| Natura: | Libro |
| Lingua: | spagnolo |
| Pubblicazione: |
Santiago
OIT
2002
|
| Soggetti: | |
| Tags: |
Aggiungi Tag
Nessun Tag, puoi essere il primo ad aggiungerne!!
|
MARC
| LEADER | 00000nam a2200000 a 4500 | ||
|---|---|---|---|
| 001 | UCM5112 | ||
| 003 | CL-VaPUC | ||
| 008 | 020927e20020000CL |||||||||||||||||spa|d | ||
| 082 | 0 | 4 | |a 338.982 |b DAM |2 21 |
| 100 | 0 | |a Damill, Mario |e author |9 471481 | |
| 700 | 0 | |a Frenkel, Roberto |e author |9 471482 | |
| 700 | 0 | |a Maurizio, Roxana |e author |9 471483 | |
| 245 | 1 | 0 | |a Argentina: una década de convertibilidad, un análisis del crecimiento, el empleo y la distribución del ingreso |
| 300 | |a 157 p | ||
| 942 | |c BK | ||
| 945 | |d 20020927 00:00:00 |a cmena | ||
| 260 | |a Santiago |b OIT |c 2002 | ||
| 650 | 0 | |a Desarrollo económico y social |9 256320 | |
| 650 | 0 | |a Distribución del ingreso |9 334288 | |
| 650 | 0 | |a Empleo |9 339124 | |
| 650 | 0 | |a Mercado laboral |9 375911 | |
| 650 | 0 | |a Política económica |9 255029 | |
| 651 | 0 | |a Argentina |9 254888 | |
| 583 | |a last modification |c 20020927 00:00:00 |k Rodrigo Vera | ||
| 999 | |c 301396 |d 301394 | ||
| 952 | |0 0 |1 0 |4 0 |6 338_982000000000000_DAM_2002 |7 0 |8 A |9 360297 |a BIBHIS |b BIBHIS |d 2019-11-21 |i 3819434 |o 338.982 DAM 2002 |p 3819434 |r 2025-01-20 |w 2019-11-21 |y BK |k HIS | ||